01337nam a2200337Ia 4500001001200000003000800012006001900020007001500039008004100054010001700095020001500112020001500127040002100142035002000163050002800183082001200211245014700223260003200370300001500402504005100417533015200468600007000620650001600690650004000706655002900746700003300775700003100808710001700839856012600856999001700982ebr10060959CaPaEBRm u cr cn|||||||||910409s1991 enk sb 001 0 eng d z 91017442  z0203415833 z041507035X aCaPaEBRcCaPaEBR a(OCoLC)5220064314aB3376.W563bP638 1991eb04a19222000aWittgenstein's Philosophical investigationsh[electronic resource] :btext and context /cedited by Robert L. Arrington and Hans-Johann Glock. aLondon :bRoutledge,c1991. axi, 243 p. aIncludes bibliographical references and index. aElectronic reproduction.bPalo Alto, Calif. :cebrary,d2009.nAvailable via World Wide Web.nAccess may be limited to ebrary affiliated libraries.10aWittgenstein, Ludwig,d1889-1951.tPhilosophische Untersuchungen. 0aPhilosophy. 0aLanguage and languagesxPhilosophy. 7aElectronic books.2local1 aArrington, Robert L.,d1938-1 aGlock, Hans-Johann,d1960-2 aebrary, Inc.40uhttp://site.ebrary.com/lib/rucke/Doc?id=10060959zAn electronic book accessible through the World Wide Web; click to view c46595d46595